01174nam a22001937a 450000500170000000800410001702000180005804000070007604100120008308200180009510000150011324500520012826000360018030000280021636500560024452006140030065000350091465000310094920260122145522.0260122b |||||||| |||| 00| 0 eng d a9780143457121 cAL aEnglish a658.421bNATD aDhruv Nath aDream founderb: creating a successful start up aHaryanabPenguin businessc2022 axiv,236p.bPBc22x13cm. aBOM5-7455949b₹209.64c₹d₹209.64f14-01-2026 aThe DREAM Founder is an essential entrepreneurship guide for early-stage Indian start-ups. It also has interviews with some of the most successful entrepreneurs in the world of start-ups, such as Sanjeev Bikhchandani of Naukri.com, Deepinder Goyal of Zomato, Meena Ganesh of Portea Medical and Dr Annurag Batra of Businessworld. It includes start-ups that have succeeded and also those who have failed, as you can learn so much from failures. Dhruv Nath shares how you can become a DREAM Founder with these simple steps: · Dream big · Right team · Execution · Attitude · Make opportunities out of crises aEntrepreneurship and Start-Ups aFounder Mindset and Skills